|
|
|
|
| LEADER |
00000cam a2200000 a 4500 |
| 001 |
vtls001100404 |
| 003 |
SK-MaSNL |
| 005 |
20260301040601.0 |
| 008 |
240226s1980 xo gr 000 m slo |
| 015 |
|
|
|a SNBA1981
|
| 020 |
|
|
|q (viazané)
|
| 035 |
|
|
|a SNK000043246
|
| 035 |
|
|
|a DF71E493-CFC9-4B19-AA6A-383DC0BE7582
|
| 035 |
|
|
|a urn:nbn:sk:snk-am00iipx
|
| 040 |
|
|
|a SNK
|b slo
|c SNK
|e AACR2
|
| 041 |
1 |
|
|a slo
|h grc
|
| 044 |
|
|
|a xo
|c SK
|
| 072 |
|
7 |
|a 321
|x Politológia
|2 konspekt
|
| 072 |
|
7 |
|a 14(3)
|x Antická, staroveká filozofia
|2 konspekt
|
| 080 |
|
|
|a 32:1
|2 2001
|
| 080 |
|
|
|a 14(3)
|2 2001
|
| 080 |
|
|
|a 321.01
|2 2001
|
| 080 |
|
|
|a (0:82-4)
|2 2001
|
| 100 |
0 |
|
|a Platón,
|d 427 pred Kr.-347 pred Kr.
|4 aut
|9 46332
|
| 240 |
1 |
0 |
|a Platonis opera
|l Slovensky
|
| 245 |
1 |
0 |
|a Ústava
|c Platón ; preložil Július Špaňár ; úvod Jaroslav Martinka
|
| 250 |
|
|
|a 1. vyd.
|
| 260 |
|
|
|a Bratislava
|b Pravda
|c 1980
|e Bratislava
|f Pravda
|
| 300 |
|
|
|a 457 s.
|c 21 cm
|
| 366 |
|
|
|e 4000 výtl.
|
| 490 |
1 |
|
|a Filozofické odkazy
|
| 500 |
|
|
|a Pozn.
|
| 650 |
0 |
7 |
|a politická filozofia
|2 SNKPH
|9 4678
|
| 650 |
0 |
7 |
|a antická filozofia
|2 SNKPH
|9 16861
|
| 650 |
0 |
7 |
|a politická moc
|2 SNKPH
|9 4438
|
| 650 |
0 |
7 |
|a ústavy
|2 SNKPH
|9 340977
|
| 650 |
0 |
7 |
|a Political philosophy
|2 SNKPHeng
|9 313095
|
| 650 |
0 |
7 |
|a Ancient philosophy
|2 SNKPHeng
|9 286137
|
| 650 |
0 |
7 |
|a Political power
|2 SNKPHeng
|9 282668
|
| 655 |
|
7 |
|a úvahy
|2 SNKPH
|9 29403
|
| 655 |
|
7 |
|a Essays
|2 SNKPHeng
|9 267540
|
| 700 |
1 |
|
|a Špaňár, Július,
|d 1917-2007
|4 trl
|9 37204
|
| 700 |
1 |
|
|a Martinka, Jaroslav,
|d 1930-2013
|4 aui
|9 174545
|
| 830 |
|
0 |
|a Filozofické odkazy
|9 276728
|
| 852 |
|
|
|a Slovenská národná knižnica
|
| 954 |
|
|
|a odborná, vedecká literatúra cudzojazyčná (svetová)
|
| 958 |
|
|
|a OND
|
| 958 |
|
|
|a OP
|
| 958 |
|
|
|a EUIPO
|
| 968 |
|
|
|a SLO
|b GR
|
| 999 |
|
|
|c 586439
|d 588369
|
| 952 |
|
|
|a SNK
|b SNK
|y PREZ
|7 0
|p 17A0034370
|o snkSC 51410
|i snkKSP 564/81
|0 0
|1 0
|4 0
|d 1997-01-24
|f 1
|l 0
|r 2025-11-04 00:00:00
|w 2026-02-23
|
| 952 |
|
|
|t P60, <04>, [BOOK], {604}
|a SNK
|b SNK
|y VYP
|7 0
|p 17A0480439
|o snkSC 51410 D1
|i snkKSP 565/81
|0 0
|1 0
|4 0
|d 1997-01-27
|l 0
|r 2004-12-31 00:00:00
|w 2026-02-23
|
| 952 |
|
|
|t P60, <04>, [BOOK], {604}
|a SNK
|b SNK
|y VYP
|7 0
|p 17A0093850
|o snkSC 51410 D2
|0 0
|1 0
|4 0
|d 1997-09-06
|l 0
|r 2004-12-31 00:00:00
|w 2026-02-23
|